00186nam a22000857a 4500082001400000100002100014245003000035300002100065650001400086 a615.7 PER aPerera, Rohan .P aCholinergic neurotransmis bCard board cover aChemistry